STN EN 868-10: 2009 (85 6543) Obaly na zdravotnícke pomôcky sterilizované v konečnom obale Časť 10 Netkané polyolefínové materiály s vrstvou lepidla. Požiadavky a skúšobné metódy
Táto norma je slovenskou verziou európskej normy EN 868-10: 2009. Preklad zabezpečil Slovenský ústav technickej normalizácie. Má rovnaké postavenie ako majú oficiálne verzie
| Other Authors: | |
|---|---|
| Format: | Book |
| Language: | Slovak English |
| PhysicalDescription: | 16 s. 30 cm |
| Published: |
Bratislava
Slovenský ústav technickej normalizácie
2009
|
| Subjects: |
MARC
| LEADER | 00000nam a2200000 a 4500 | ||
|---|---|---|---|
| 001 | vtls009968744 | ||
| 003 | SK-MaSNL | ||
| 005 | 20260301083310.0 | ||
| 008 | 160624s2009 xo f u 000 0 slo | ||
| 015 | |a SNBN2011/02-01800 | ||
| 020 | |c (cen. skup. 11) | ||
| 040 | |a SNK |b slo |c SNK |e AACR2 | ||
| 041 | 1 | |a slo |h eng | |
| 044 | |a xo |c SK | ||
| 046 | |a s |m 200911 (účin.) | ||
| 072 | 7 | |a 614 |x Verejné zdravie a hygiena |2 konspekt | |
| 080 | |a 614.48 |2 2001 | ||
| 080 | |a 677.076.4 |2 2001 | ||
| 080 | |a 006.7/.8 |2 2001 | ||
| 080 | |a (437.6) |2 2001 | ||
| 080 | |a (4) |2 2001 | ||
| 084 | |a 11.080.30 |2 ICS | ||
| 130 | 0 | |a STN 85 6543 (STN EN 868-10) |9 409937 | |
| 245 | 1 | 0 | |a STN EN 868-10: 2009 (85 6543) Obaly na zdravotnícke pomôcky sterilizované v konečnom obale |n Časť 10 |p Netkané polyolefínové materiály s vrstvou lepidla. Požiadavky a skúšobné metódy |c spracovateľ Miroslav Gatial |
| 246 | 1 | 0 | |a Obaly na zdravotnícke pomôcky sterilizované v konečnom obale. Časť 10 |
| 246 | 1 | 0 | |a Netkané polyolefínové materiály s vrstvou lepidla |
| 246 | 1 | 0 | |a Požiadavky a skúšobné metódy |
| 246 | 3 | 0 | |a EN 868-10: 2009 E |
| 260 | |a Bratislava |b Slovenský ústav technickej normalizácie |c 2009 | ||
| 300 | |a 16 s. |c 30 cm | ||
| 500 | |a Táto norma nahrádza STN EN 868-10 z decembra 2001 v celom rozsahu | ||
| 504 | |a Citované normy s. 2 ; literatúra s. 14 | ||
| 520 | 8 | |a Táto norma je slovenskou verziou európskej normy EN 868-10: 2009. Preklad zabezpečil Slovenský ústav technickej normalizácie. Má rovnaké postavenie ako majú oficiálne verzie | |
| 540 | |a STN vydané na akomkoľvek nosiči sa môžu rozmnožovať a rozširovať iba so súhlasom určenej právnickej osoby |b SÚTN Bratislava |c zákon 264/1999 Z.z. | ||
| 650 | 0 | 7 | |a sterilizácia (hygiena) |2 SVKBBPH |9 50524 |
| 650 | 0 | 7 | |a dezinfekcia |2 SVKBBPH |9 2447 |
| 650 | 0 | 7 | |a technické normy a štandardy |z Slovensko |2 SVKBBPH |9 79594 |
| 650 | 0 | 7 | |a technické normy a štandardy |z krajiny Európskej únie |2 SVKBBPH |9 289341 |
| 650 | 0 | 7 | |a balenie |2 SVKBBPH |9 311158 |
| 650 | 0 | 7 | |a netkané textílie |2 SVKBBPH |9 22802 |
| 655 | 7 | |a normy |2 SVKBBPH |9 70643 | |
| 700 | 1 | |a Gatial, Miroslav |4 trl |9 320964 | |
| 710 | 2 | |a Slovenský ústav technickej normalizácie (Bratislava, Slovensko) |b TK 102 Zdravotnícke pomôcky |4 stn |9 324385 | |
| 958 | |a OP | ||
| 958 | |a NB | ||
| 999 | |c 660201 |d 662131 | ||
| 952 | |a SNK |b SNK |y PREZ |7 0 |p 17A0676741 |o snkSTN EN 868-10 D1 |i snk2010/23555 |8 0 |0 0 |1 0 |4 0 |d 2010-10-26 |l 0 |r 2026-02-23 18:51:19 |w 2026-02-23 | ||
| 952 | |a SNK |b SNK |y PREZ |7 0 |p 17A0676742 |o snkSTN EN 868-10 |i snk2010/23554 |8 0 |0 0 |1 0 |4 0 |d 2010-10-26 |l 0 |r 2026-02-23 18:51:19 |w 2026-02-23 | ||


